[Event "COL-ch Superate Intercol U14 Girls"]
[Site "Barranquilla"]
[Date "2018.11.20"]
[Round "5.4"]
[White "Campo Sanchez, Maria Jose"]
[Black "Negrete Genes, Lily Johana"]
[Result "1-0"]
[WhiteElo "1554"]
[BlackElo "1247"]
[PlyCount "59"]
[EventDate "2018.11.19"]
[EventType "swiss"]
[EventRounds "7"]
[EventCountry "COL"]
[SourceTitle "EXT 2024"]
[Source "ChessBase"]
[SourceDate "2023.10.10"]
[SourceVersion "1"]
[SourceVersionDate "2023.10.10"]
[SourceQuality "1"]

1. e4 e5 2. Nf3 Nc6 3. c3 a6 4. d4 d6 5. d5 Nce7 6. Nh4 g6 7. Nf3 Nf6 8. Bd3 Bg7 9. c4 c5 10. dxc6 bxc6 11. Nc3 Bb7 12. 0-0 0-0 13. Bg5 Re8 14. Bxf6 Bxf6 15. b4 d5 16. c5 a5 17. exd5 axb4 18. Ne4 Nxd5 19. Bc4 Kg7 20. h3 Re7 21. Qc1 h6 22. Bxd5 cxd5 23. Nxf6 e4 24. Ng4 g5 25. Qb2+ Kg8 26. Nxh6+ Kh7 27. Nxg5+ Kxh6 28. Qf6+ Kh5 29. g4+ Kh4 30. Qh6# 1-0